| 000 | 01025cam a22002771i 4500 | ||
|---|---|---|---|
| 003 | SA-RiAUC | ||
| 005 | 20250415052243.0 | ||
| 008 | 250413s1987 ua f b f000 0 ara c | ||
| 020 | _a9770218936 | ||
| 040 |
_aJO-AmJU _bara _cSA-RiAUC _erda |
||
| 082 | 0 | 4 |
_a345.05 _qSA-RiAUC |
| 090 |
_a345.05 _bص د ق |
||
| 100 | 1 |
_aصدقي، عبد الرحيم _eمؤلف. |
|
| 245 | 1 | 2 |
_aالسياسة الجنائية في العالم المعاصر / _cتأليف عبد الرحيم صدقي. |
| 250 | _aالطبعة الأولى. | ||
| 264 | 1 |
_aالقاهرة : _bدار المعارف، _c1987 |
|
| 300 |
_a262 صفحة ؛ _c24 سم |
||
| 336 |
_aنص _btxt _2rdacontent _3كتاب |
||
| 337 |
_aبدون وسيط _bn _2rdamedia |
||
| 338 |
_aمجلد _bnc _2rdacarrier |
||
| 504 | _aببليوجرافية : صفحة 239-252. | ||
| 650 | 7 |
_aالقانون الجنائي _2aucsh |
|
| 650 | 7 |
_aقانون الإجراءات الجنائية _2aucsh |
|
| 942 |
_2ddc _cBOOK _n0 |
||
| 949 |
_aSA-JeALM _d250413 _umohamedma123 _n1 |
||
| 999 |
_c7021 _d7021 |
||